00228nam a2200097Ia 4500008004100000041000800041100001000049245003700059260001600096365001800112240703s9999 xx 000 0 und d aeng aHyman aMicrosoft Power Bi For Dummies  bWiley India cRS.b 899.00